| 000 | 00656nam a2200205Ia 4500 | ||
|---|---|---|---|
| 003 | GCL | ||
| 008 | 140319s9999 xx 000 0 ara d | ||
| 040 |
_aGCL / _cGCL |
||
| 082 | 0 | 4 |
_a192 _bا ت |
| 100 | 1 | _aامام عبدالفتاح امام | |
| 245 | 1 | 0 |
_aتوماس هوبز: فيلسوف العقلانية / _cامام عبدالفتاح امام |
| 260 |
_a[S.N] : _bدار الجامعات المصرية ، _c1985 |
||
| 300 | _a461 ص | ||
| 490 | _a | ||
| 650 | 0 | 4 | _aالفلسفة |
| 650 | 0 | 4 | _aالفلسفة الحديثة |
| 650 | 0 | 4 | _aالفلسفة الغربية |
| 650 | 0 | 4 | _aالفلسفة الانجليزية |
| 942 |
_2ddc _cBK |
||
| 999 |
_c31128 _d31128 |
||